| 000 | 01126nam a22003257a 4500 | ||
|---|---|---|---|
| 001 | 5236 | ||
| 003 | FISKH | ||
| 005 | 20241120150000.0 | ||
| 008 | 241120b cb ||||| |||| 00| 0 eng d | ||
| 020 | _a076714004993 | ||
| 040 |
_aFISKH _beng _cFISKH _dFISKH |
||
| 050 | _aPZ8.W813 | ||
| 082 | _a398.2 | ||
| 100 | _aDatlow, Ellen | ||
| 245 |
_aA Wolf at the Door and Other Retold Fairy Tales / _cEdited by Ellen Datlow and Terri Windling |
||
| 250 | _aFirst Aladin Paperback edition November 2001 | ||
| 260 |
_aNew York : _bAladdin Paperbacks ; _c2000. |
||
| 300 |
_a166 pages : _billustrations ; _c20 cm. |
||
| 490 |
_a Fairy Tales for Younger Readers _vBook 1 |
||
| 505 | _aS | ||
| 520 | _aPresents thirteen short fantasy stories based on classic fairy tales, written by a variety of authors including Jane Yolen, Neil Gaiman, Tanith Lee, and others. | ||
| 521 | 8 |
_a790
_bLexile |
|
| 521 | 8 |
_aS
_bRaz-Plus |
|
| 650 |
_ashort stories _vfiction |
||
| 650 |
_aretelling _vfiction |
||
| 650 |
_ayoung adult _vfiction |
||
| 700 |
_aWindling, Terri _eeditor |
||
| 942 |
_2ddc _cBK _n0 |
||
| 999 |
_c5236 _d5236 |
||